[Event "Heldur Valgmäe I Rapid Memorial"]
[Site "Viljandi, Estonia"]
[Date "2021.07.03"]
[Round "5.2"]
[White "Miezis, Normunds"]
[Black "Pultinevicius, Paulius"]
[Result "0-1"]
[WhiteElo "2437"]
[BlackElo "2519"]

1. c4 {[%clk 00:15:01]} {[%emt 00:00:02]} c6 {[%clk 00:15:00]} {[%emt
00:00:06]} 2. e4 {[%clk 00:15:00]} {[%emt 00:00:03]} d5 {[%clk 00:15:00]}
{[%emt 00:00:02]} 3. cxd5 {[%clk 00:14:56]} {[%emt 00:00:05]} cxd5 {[%clk
00:15:01]} {[%emt 00:00:02]} 4. exd5 {[%clk 00:14:54]} {[%emt 00:00:03]} Nf6
{[%clk 00:15:02]} {[%emt 00:00:02]} 5. Nc3 {[%clk 00:14:38]} {[%emt 00:00:18]}
Nxd5 {[%clk 00:15:02]} {[%emt 00:00:02]} 6. Nf3 {[%clk 00:14:31]} {[%emt
00:00:09]} g6 {[%clk 00:14:45]} {[%emt 00:00:20]} 7. Bc4 {[%clk 00:13:23]}
{[%emt 00:01:10]} Nb6 {[%clk 00:14:38]} {[%emt 00:00:09]} 8. Bb3 {[%clk
00:13:15]} {[%emt 00:00:09]} Bg7 {[%clk 00:14:35]} {[%emt 00:00:05]} 9. d4
{[%clk 00:13:03]} {[%emt 00:00:14]} O-O {[%clk 00:14:33]} {[%emt 00:00:05]} 10.
O-O {[%clk 00:12:37]} {[%emt 00:00:28]} Nc6 {[%clk 00:14:20]} {[%emt 00:00:16]}
11. d5 {[%clk 00:12:26]} {[%emt 00:00:12]} Na5 {[%clk 00:14:16]} {[%emt
00:00:05]} 12. Bc2 {[%clk 00:12:09]} {[%emt 00:00:19]} Bg4 {[%clk 00:14:08]}
{[%emt 00:00:11]} 13. h3 {[%clk 00:12:03]} {[%emt 00:00:08]} Bxf3 {[%clk
00:14:07]} {[%emt 00:00:03]} 14. Qxf3 {[%clk 00:12:00]} {[%emt 00:00:04]} Rc8
{[%clk 00:14:07]} {[%emt 00:00:03]} 15. Re1 {[%clk 00:10:54]} {[%emt 00:01:07]}
Nac4 {[%clk 00:13:58]} {[%emt 00:00:13]} 16. Bb3 {[%clk 00:09:26]} {[%emt
00:01:30]} Qd7 {[%clk 00:13:44]} {[%emt 00:00:16]} 17. Re4 {[%clk 00:07:53]}
{[%emt 00:01:34]} Nd6 {[%clk 00:12:32]} {[%emt 00:01:15]} 18. Rf4 {[%clk
00:06:51]} {[%emt 00:01:03]} Nbc4 {[%clk 00:12:20]} {[%emt 00:00:15]} 19. Qe2
{[%clk 00:05:41]} {[%emt 00:01:11]} Nxb2 {[%clk 00:11:20]} {[%emt 00:01:02]} 20.
Bxb2 {[%clk 00:05:20]} {[%emt 00:00:23]} Bxc3 {[%clk 00:11:20]} {[%emt
00:00:02]} 21. Bxc3 {[%clk 00:05:08]} {[%emt 00:00:14]} Rxc3 {[%clk 00:11:21]}
{[%emt 00:00:02]} 22. Re1 {[%clk 00:05:04]} {[%emt 00:00:05]} Qc7 {[%clk
00:10:53]} {[%emt 00:00:30]} 23. g3 {[%clk 00:03:23]} {[%emt 00:01:43]} Rc1
{[%clk 00:10:49]} {[%emt 00:00:07]} 24. Rxc1 {[%clk 00:03:21]} {[%emt
00:00:03]} Qxc1+ {[%clk 00:10:49]} {[%emt 00:00:02]} 25. Kg2 {[%clk 00:03:21]}
{[%emt 00:00:02]} Qc7 {[%clk 00:10:22]} {[%emt 00:00:30]} 26. h4 {[%clk
00:03:21]} {[%emt 00:00:02]} b5 {[%clk 00:10:08]} {[%emt 00:00:16]} 27. h5
{[%clk 00:03:09]} {[%emt 00:00:14]} Re8 {[%clk 00:08:30]} {[%emt 00:01:41]} 28.
hxg6 {[%clk 00:02:07]} {[%emt 00:01:03]} hxg6 {[%clk 00:08:30]} {[%emt
00:00:01]} 29. Qe5 {[%clk 00:01:44]} {[%emt 00:00:25]} f6 {[%clk 00:07:57]}
{[%emt 00:00:36]} 30. Qe3 {[%clk 00:01:00]} {[%emt 00:00:45]} Kg7 {[%clk
00:07:33]} {[%emt 00:00:27]} 31. Rg4 {[%clk 00:00:35]} {[%emt 00:00:25]} Rh8
{[%clk 00:07:00]} {[%emt 00:00:37]} 32. Qd3 {[%clk 00:00:18]} {[%emt 00:00:19]}
Rh6 {[%clk 00:06:28]} {[%emt 00:00:34]} 33. Bc2 {[%clk 00:00:18]} {[%emt
00:00:02]} g5 {[%clk 00:06:29]} 34. f4 {[%clk 00:00:05]} {[%emt 00:00:15]} Nf7
{[%clk 00:06:30]} 35. fxg5 {[%clk 00:00:05]} {[%emt 00:00:03]} fxg5 {[%clk
00:05:52]} {[%emt 00:00:40]} 36. Qf5 {[%clk 00:00:05]} {[%emt 00:00:01]} Rf6
{[%clk 00:05:40]} {[%emt 00:00:14]} 37. Rxg5+ {[%clk 00:00:06]} {[%emt
00:00:02]} Kf8 {[%clk 00:05:24]} {[%emt 00:00:19]} 38. Qh7 {[%clk 00:00:03]}
{[%emt 00:00:05]} Nxg5 {[%clk 00:05:12]} {[%emt 00:00:13]} 39. Qh8+ {[%clk
00:00:03]} {[%emt 00:00:01]} Kf7 {[%clk 00:05:12]} {[%emt 00:00:02]} 40. Bb3
{[%clk 00:00:05]} Qe5 {[%clk 00:04:39]} {[%emt 00:00:35]} 41. Qh5+ {[%clk
00:00:05]} {[%emt 00:00:02]} Kg7 {[%clk 00:04:40]} {[%emt 00:00:01]} 42. d6
{[%clk 00:00:04]} {[%emt 00:00:03]} Qe4+ {[%clk 00:04:37]} {[%emt 00:00:05]} 43.
Kg1 {[%clk 00:00:04]} {[%emt 00:00:02]} Qe1+ {[%clk 00:04:37]} {[%emt
00:00:02]} 0-1

[Event "Heldur Valgmäe I Rapid Memorial"]
[Site "Viljandi, Estonia"]
[Date "2021.07.03"]
[Round "5.3"]
[White "Soot, Margus"]
[Black "Valgmae, Toomas"]
[Result "1-0"]
[WhiteElo "2343"]
[BlackElo "2368"]

1. e4 {[%clk 00:15:03]} d6 {[%clk 00:15:04]} 2. Nc3 {[%clk 00:14:59]} {[%emt
00:00:07]} Nf6 {[%clk 00:15:05]} 3. Be2 {[%clk 00:14:54]} {[%emt 00:00:06]} e5
{[%clk 00:14:59]} {[%emt 00:00:08]} 4. d3 {[%clk 00:14:25]} {[%emt 00:00:31]}
Be7 {[%clk 00:14:46]} {[%emt 00:00:15]} 5. f4 {[%clk 00:14:25]} {[%emt
00:00:02]} O-O {[%clk 00:14:45]} {[%emt 00:00:03]} 6. Nf3 {[%clk 00:14:11]}
{[%emt 00:00:16]} Nc6 {[%clk 00:14:44]} {[%emt 00:00:04]} 7. O-O {[%clk
00:13:52]} {[%emt 00:00:20]} Re8 {[%clk 00:11:15]} {[%emt 00:03:31]} 8. Be3
{[%clk 00:13:33]} {[%emt 00:00:20]} Ng4 {[%clk 00:08:02]} {[%emt 00:03:16]} 9.
Bd2 {[%clk 00:13:34]} {[%emt 00:00:02]} f5 {[%clk 00:07:44]} {[%emt 00:00:20]}
10. exf5 {[%clk 00:11:26]} {[%emt 00:02:10]} exf4 {[%clk 00:07:26]} {[%emt
00:00:20]} 11. Bxf4 {[%clk 00:11:02]} {[%emt 00:00:26]} Bxf5 {[%clk 00:07:18]}
{[%emt 00:00:11]} 12. Nd5 {[%clk 00:08:49]} {[%emt 00:02:14]} Qd7 {[%clk
00:04:28]} {[%emt 00:02:52]} 13. Qd2 {[%clk 00:08:26]} {[%emt 00:00:25]} Bf8
{[%clk 00:03:52]} {[%emt 00:00:38]} 14. Rae1 {[%clk 00:08:24]} {[%emt
00:00:04]} Nge5 {[%clk 00:02:31]} {[%emt 00:01:24]} 15. d4 {[%clk 00:06:31]}
{[%emt 00:01:54]} Ng6 {[%clk 00:02:18]} {[%emt 00:00:15]} 16. Bg3 {[%clk
00:06:11]} {[%emt 00:00:22]} Nce7 {[%clk 00:01:48]} {[%emt 00:00:32]} 17. Ne3
{[%clk 00:05:36]} {[%emt 00:00:37]} Be4 {[%clk 00:00:46]} {[%emt 00:01:05]} 18.
Ng5 {[%clk 00:05:33]} {[%emt 00:00:05]} d5 {[%clk 00:00:12]} {[%emt 00:00:36]}
19. Bg4 {[%clk 00:05:30]} {[%emt 00:00:04]} 1-0

[Event "Heldur Valgmäe I Rapid Memorial"]
[Site "Viljandi, Estonia"]
[Date "2021.07.03"]
[Round "5.4"]
[White "Pedoson, Georg Aleksander"]
[Black "Kulaots, Kaido"]
[Result "0-1"]
[WhiteElo "2352"]
[BlackElo "2560"]

1. c4 {[%clk 00:15:02]} e5 {[%clk 00:15:03]} {[%emt 00:00:01]} 2. Nc3 {[%clk
00:15:03]} {[%emt 00:00:02]} Bb4 {[%clk 00:15:03]} {[%emt 00:00:01]} 3. Qc2
{[%clk 00:14:55]} {[%emt 00:00:10]} Nf6 {[%clk 00:14:45]} {[%emt 00:00:20]} 4.
e3 {[%clk 00:14:51]} {[%emt 00:00:06]} O-O {[%clk 00:14:14]} {[%emt 00:00:33]}
5. Nge2 {[%clk 00:14:50]} {[%emt 00:00:04]} c6 {[%clk 00:14:01]} {[%emt
00:00:15]} 6. d4 {[%clk 00:14:08]} {[%emt 00:00:43]} exd4 {[%clk 00:13:51]}
{[%emt 00:00:12]} 7. Nxd4 {[%clk 00:14:08]} {[%emt 00:00:02]} d5 {[%clk
00:13:45]} {[%emt 00:00:08]} 8. Be2 {[%clk 00:13:39]} {[%emt 00:00:32]} c5
{[%clk 00:10:57]} {[%emt 00:02:49]} 9. Nf3 {[%clk 00:13:30]} {[%emt 00:00:11]}
d4 {[%clk 00:10:50]} {[%emt 00:00:10]} 10. a3 {[%clk 00:13:01]} {[%emt
00:00:31]} Ba5 {[%clk 00:10:24]} {[%emt 00:00:27]} 11. b4 {[%clk 00:12:25]}
{[%emt 00:00:38]} dxc3 {[%clk 00:09:23]} {[%emt 00:01:03]} 12. bxa5 {[%clk
00:12:12]} {[%emt 00:00:16]} Qxa5 {[%clk 00:09:14]} {[%emt 00:00:11]} 13. Rb1
{[%clk 00:10:33]} {[%emt 00:01:41]} Bf5 {[%clk 00:08:42]} {[%emt 00:00:34]} 0-1

[Event "Heldur Valgmäe I Rapid Memorial"]
[Site "Viljandi, Estonia"]
[Date "2021.07.03"]
[Round "5.5"]
[White "Volodin, Aleksandr"]
[Black "Sinitsina, Anastassia"]
[Result "1-0"]
[WhiteElo "2518"]
[BlackElo "2229"]

1. d4 {[%clk 00:15:03]} Nf6 {[%clk 00:15:04]} {[%emt 00:00:01]} 2. c4 {[%clk
00:15:04]} g6 {[%clk 00:15:05]} {[%emt 00:00:02]} 3. g3 {[%clk 00:15:05]}
{[%emt 00:00:01]} Bg7 {[%clk 00:15:06]} 4. Bg2 {[%clk 00:15:06]} O-O {[%clk
00:15:06]} {[%emt 00:00:04]} 5. Nf3 {[%clk 00:15:06]} {[%emt 00:00:02]} d6
{[%clk 00:15:08]} 6. O-O {[%clk 00:15:06]} {[%emt 00:00:02]} Nbd7 {[%clk
00:15:08]} {[%emt 00:00:02]} 7. Qc2 {[%clk 00:15:07]} e5 {[%clk 00:15:04]}
{[%emt 00:00:06]} 8. dxe5 {[%clk 00:15:08]} dxe5 {[%clk 00:14:57]} {[%emt
00:00:10]} 9. e4 {[%clk 00:15:08]} {[%emt 00:00:01]} c6 {[%clk 00:14:50]}
{[%emt 00:00:10]} 10. Rd1 {[%clk 00:15:07]} {[%emt 00:00:02]} Qc7 {[%clk
00:14:50]} {[%emt 00:00:03]} 11. h3 {[%clk 00:15:06]} {[%emt 00:00:03]} Nc5
{[%clk 00:14:48]} {[%emt 00:00:04]} 12. Nc3 {[%clk 00:14:59]} {[%emt 00:00:09]}
a5 {[%clk 00:14:18]} {[%emt 00:00:32]} 13. Be3 {[%clk 00:14:47]} {[%emt
00:00:13]} Qe7 {[%clk 00:14:13]} {[%emt 00:00:08]} 14. a3 {[%clk 00:13:39]}
{[%emt 00:01:11]} h6 {[%clk 00:13:12]} {[%emt 00:01:03]} 15. b4 {[%clk
00:12:49]} {[%emt 00:00:51]} axb4 {[%clk 00:13:13]} {[%emt 00:00:01]} 16. Bxc5
{[%clk 00:12:20]} {[%emt 00:00:31]} Qxc5 {[%clk 00:13:08]} {[%emt 00:00:06]} 17.
axb4 {[%clk 00:12:21]} {[%emt 00:00:01]} Qxb4 {[%clk 00:12:50]} {[%emt
00:00:20]} 18. Rxa8 {[%clk 00:12:20]} {[%emt 00:00:03]} Qxc4 {[%clk 00:12:51]}
{[%emt 00:00:02]} 19. Nxe5 {[%clk 00:11:27]} {[%emt 00:00:55]} Qe6 {[%clk
00:12:43]} {[%emt 00:00:10]} 20. Nd3 {[%clk 00:11:19]} {[%emt 00:00:10]} Qc4
{[%clk 00:12:30]} {[%emt 00:00:15]} 21. Ra4 {[%clk 00:10:47]} {[%emt 00:00:33]}
Qe6 {[%clk 00:12:28]} {[%emt 00:00:04]} 22. e5 {[%clk 00:10:45]} {[%emt
00:00:05]} Nd7 {[%clk 00:12:25]} {[%emt 00:00:05]} 23. f4 {[%emt 00:00:35]} 1-0

[Event "Heldur Valgmäe I Rapid Memorial"]
[Site "Viljandi, Estonia"]
[Date "2021.07.03"]
[Round "5.6"]
[White "Dubrovin, Robert"]
[Black "Chukavin, Kirill"]
[Result "1/2-1/2"]
[WhiteElo "2338"]
[BlackElo "2471"]

1. d4 {[%clk 00:15:02]} {[%emt 00:00:01]} Nf6 {[%clk 00:15:02]} {[%emt
00:00:02]} 2. c4 {[%clk 00:15:03]} e6 {[%clk 00:15:03]} {[%emt 00:00:02]} 3.
Nc3 {[%clk 00:14:57]} {[%emt 00:00:08]} Bb4 {[%clk 00:15:03]} {[%emt 00:00:02]}
4. Qc2 {[%clk 00:14:58]} c5 {[%clk 00:14:58]} {[%emt 00:00:07]} 5. dxc5 {[%clk
00:14:56]} {[%emt 00:00:04]} O-O {[%clk 00:14:58]} {[%emt 00:00:02]} 6. a3
{[%clk 00:14:56]} {[%emt 00:00:02]} Bxc5 {[%clk 00:14:58]} {[%emt 00:00:01]} 7.
Nf3 {[%clk 00:14:57]} {[%emt 00:00:02]} b6 {[%clk 00:14:57]} {[%emt 00:00:03]}
8. Bg5 {[%clk 00:14:54]} {[%emt 00:00:05]} h6 {[%clk 00:14:13]} {[%emt
00:00:46]} 9. Bh4 {[%clk 00:14:39]} {[%emt 00:00:16]} Bb7 {[%clk 00:13:56]}
{[%emt 00:00:20]} 10. e4 {[%clk 00:14:36]} {[%emt 00:00:05]} Be7 {[%clk
00:13:36]} {[%emt 00:00:22]} 11. Be2 {[%clk 00:14:32]} {[%emt 00:00:07]} Nh5
{[%clk 00:12:58]} {[%emt 00:00:40]} 12. Bxe7 {[%clk 00:14:32]} {[%emt
00:00:02]} Qxe7 {[%clk 00:12:58]} {[%emt 00:00:01]} 13. O-O {[%clk 00:14:25]}
{[%emt 00:00:09]} Nf4 {[%clk 00:12:42]} {[%emt 00:00:18]} 14. Rfe1 {[%clk
00:14:23]} {[%emt 00:00:04]} f5 {[%clk 00:12:10]} {[%emt 00:00:36]} 15. Bf1
{[%clk 00:13:37]} {[%emt 00:00:50]} Na6 {[%clk 00:08:34]} {[%emt 00:03:39]} 16.
g3 {[%clk 00:12:39]} {[%emt 00:00:59]} fxe4 {[%clk 00:06:08]} {[%emt 00:02:27]}
17. Nxe4 {[%clk 00:12:35]} {[%emt 00:00:07]} Nh5 {[%clk 00:06:05]} {[%emt
00:00:04]} 18. Nh4 {[%clk 00:11:09]} {[%emt 00:01:27]} Nf4 {[%clk 00:05:20]}
{[%emt 00:00:47]} 19. Rad1 {[%clk 00:10:14]} {[%emt 00:00:57]} Rad8 {[%clk
00:03:23]} {[%emt 00:02:00]} 20. Nd6 {[%clk 00:09:19]} {[%emt 00:00:56]} Ba8
{[%clk 00:02:11]} {[%emt 00:01:14]} 21. b4 {[%clk 00:09:09]} {[%emt 00:00:13]}
Nc7 {[%clk 00:01:51]} {[%emt 00:00:22]} 22. Rd2 {[%clk 00:05:58]} {[%emt
00:03:13]} Ne8 {[%clk 00:01:42]} {[%emt 00:00:11]} 23. Nxe8 {[%clk 00:05:05]}
{[%emt 00:00:54]} Rdxe8 {[%clk 00:01:43]} {[%emt 00:00:02]} 24. Ng6 {[%clk
00:04:19]} {[%emt 00:00:48]} Nxg6 {[%clk 00:01:25]} {[%emt 00:00:20]} 25. Qxg6
{[%clk 00:04:20]} Rf6 {[%clk 00:01:19]} {[%emt 00:00:08]} 26. Qd3 {[%clk
00:04:05]} {[%emt 00:00:17]} d5 {[%clk 00:00:53]} {[%emt 00:00:29]} 27. cxd5
{[%clk 00:03:54]} {[%emt 00:00:13]} Bxd5 {[%clk 00:00:51]} {[%emt 00:00:04]} 28.
Bg2 {[%clk 00:03:12]} {[%emt 00:00:44]} Bxg2 {[%clk 00:00:52]} 29. Kxg2 {[%clk
00:03:13]} a5 {[%clk 00:00:38]} {[%emt 00:00:16]} 30. b5 {[%clk 00:02:44]}
{[%emt 00:00:32]} Ref8 {[%clk 00:00:23]} {[%emt 00:00:17]} 31. Ree2 {[%clk
00:02:10]} {[%emt 00:00:35]} Qb7+ {[%clk 00:00:20]} {[%emt 00:00:06]} 32. Kg1
{[%clk 00:02:01]} {[%emt 00:00:11]} Rf3 {[%clk 00:00:20]} {[%emt 00:00:02]} 33.
Re3 {[%clk 00:01:52]} {[%emt 00:00:12]} R3f6 {[%clk 00:00:10]} {[%emt
00:00:12]} 34. Qc4 {[%clk 00:01:25]} {[%emt 00:00:28]} Qf7 {[%clk 00:00:10]}
{[%emt 00:00:03]} 35. Ree2 {[%clk 00:01:20]} {[%emt 00:00:07]} Kh8 {[%clk
00:00:11]} 36. Qc6 {[%clk 00:01:17]} {[%emt 00:00:05]} e5 {[%clk 00:00:06]}
{[%emt 00:00:07]} 37. Qd5 {[%clk 00:01:08]} {[%emt 00:00:11]} Qh5 {[%clk
00:00:05]} {[%emt 00:00:03]} 38. Qxe5 {[%clk 00:01:01]} {[%emt 00:00:09]} Rf5
{[%clk 00:00:06]} {[%emt 00:00:01]} 39. Qe7 {[%clk 00:00:42]} {[%emt 00:00:21]}
Qf3 {[%clk 00:00:05]} {[%emt 00:00:03]} 40. Rd8 {[%clk 00:00:29]} {[%emt
00:00:15]} Rxd8 {[%clk 00:00:04]} {[%emt 00:00:04]} 41. Qxd8+ {[%emt 00:00:03]}
Kh7 42. Qd2 {[%clk 00:00:11]} {[%emt 00:00:20]} Rxb5 {[%clk 00:00:04]} {[%emt
00:00:02]} 43. Qc2+ {[%clk 00:00:12]} Qf5 {[%clk 00:00:03]} {[%emt 00:00:03]}
44. Qxf5+ {[%clk 00:00:07]} {[%emt 00:00:07]} Rxf5 {[%clk 00:00:04]} 45. Rb2
{[%clk 00:00:08]} {[%emt 00:00:01]} b5 {[%clk 00:00:05]} {[%emt 00:00:01]} 46.
f4 {[%clk 00:00:07]} {[%emt 00:00:03]} Rc5 {[%clk 00:00:06]} {[%emt 00:00:01]}
47. Kf2 {[%clk 00:00:07]} {[%emt 00:00:02]} Kg6 {[%clk 00:00:06]} {[%emt
00:00:02]} 48. Ke3 {[%clk 00:00:06]} {[%emt 00:00:01]} 1/2-1/2

[ePGN "0.1;DGT LiveChess/2.2.5"]

[Event "Heldur Valgmäe I Rapid Memorial"]
[Site "Viljandi, Estonia"]
[Date "2021.07.03"]
[Round "6.2"]
[White "Kulaots, Kaido"]
[Black "Soot, Margus"]
[Result "1-0"]
[WhiteElo "2560"]
[BlackElo "2343"]

1. e4 {[%clk 00:15:02]} {[%emt 00:41:15]} c6 {[%clk 00:14:40]} {[%emt
00:00:24]} 2. Nc3 {[%clk 00:15:01]} {[%emt 00:00:03]} d5 {[%clk 00:14:28]}
{[%emt 00:00:13]} 3. Nf3 {[%clk 00:15:01]} {[%emt 00:00:03]} dxe4 {[%clk
00:14:28]} {[%emt 00:00:03]} 4. Nxe4 {[%clk 00:15:01]} {[%emt 00:00:01]} Nd7
{[%clk 00:14:28]} {[%emt 00:00:02]} 5. Bc4 {[%clk 00:14:27]} {[%emt 00:00:36]}
e6 {[%clk 00:14:29]} {[%emt 00:00:01]} 6. d4 {[%clk 00:14:13]} {[%emt
00:00:15]} Ndf6 {[%clk 00:14:30]} {[%emt 00:00:01]} 7. Nxf6+ {[%clk 00:13:46]}
{[%emt 00:00:30]} Nxf6 {[%clk 00:14:30]} {[%emt 00:00:01]} 8. Qe2 {[%clk
00:13:19]} {[%emt 00:00:29]} Be7 {[%clk 00:13:03]} {[%emt 00:01:28]} 9. Bd2
{[%clk 00:12:50]} {[%emt 00:00:30]} O-O {[%clk 00:12:40]} {[%emt 00:00:26]} 10.
O-O-O {[%clk 00:12:37]} {[%emt 00:00:15]} b5 {[%clk 00:10:10]} {[%emt
00:02:32]} 11. Bd3 {[%clk 00:12:07]} {[%emt 00:00:32]} b4 {[%clk 00:10:11]}
{[%emt 00:00:01]} 12. Kb1 {[%clk 00:11:58]} {[%emt 00:00:12]} Rb8 {[%clk
00:08:54]} {[%emt 00:01:19]} 13. g4 {[%clk 00:11:26]} {[%emt 00:00:33]} Nd5
{[%clk 00:08:25]} {[%emt 00:00:31]} 14. Ka1 {[%clk 00:08:34]} {[%emt 00:02:55]}
Qa5 {[%clk 00:02:29]} {[%emt 00:05:59]} 15. Ne5 {[%clk 00:07:51]} {[%emt
00:00:44]} Bb7 {[%clk 00:00:44]} {[%emt 00:01:48]} 16. g5 {[%emt 00:02:00]} 1-0

[Event "Heldur Valgmäe I Rapid Memorial"]
[Site "Viljandi, Estonia"]
[Date "2021.07.03"]
[Round "6.3"]
[White "Seeman, Tarvo"]
[Black "Volodin, Aleksandr"]
[Result "1-0"]
[WhiteElo "2426"]
[BlackElo "2518"]

1. Nf3 {[%clk 00:14:52]} {[%emt 00:00:12]} d5 {[%clk 00:14:56]} {[%emt
00:00:08]} 2. g3 {[%clk 00:14:48]} {[%emt 00:00:06]} c5 {[%clk 00:14:43]}
{[%emt 00:00:15]} 3. Bg2 {[%clk 00:14:46]} {[%emt 00:00:03]} Nf6 {[%clk
00:14:43]} {[%emt 00:00:01]} 4. O-O {[%clk 00:14:41]} {[%emt 00:00:08]} h6
{[%clk 00:14:18]} {[%emt 00:00:27]} 5. c4 {[%clk 00:14:15]} {[%emt 00:00:28]}
d4 {[%clk 00:14:08]} {[%emt 00:00:11]} 6. e3 {[%clk 00:14:15]} {[%emt
00:00:02]} Nc6 {[%clk 00:14:07]} {[%emt 00:00:03]} 7. exd4 {[%clk 00:14:15]}
{[%emt 00:00:02]} cxd4 {[%clk 00:14:08]} {[%emt 00:00:01]} 8. Re1 {[%clk
00:13:48]} {[%emt 00:00:29]} e6 {[%clk 00:14:09]} {[%emt 00:00:01]} 9. d3
{[%clk 00:13:41]} {[%emt 00:00:09]} Bd6 {[%clk 00:13:39]} {[%emt 00:00:31]} 10.
Na3 {[%clk 00:13:40]} {[%emt 00:00:03]} O-O {[%clk 00:13:34]} {[%emt 00:00:06]}
11. Nc2 {[%clk 00:13:17]} {[%emt 00:00:24]} a5 {[%clk 00:11:56]} {[%emt
00:01:41]} 12. Ncxd4 {[%clk 00:12:38]} {[%emt 00:00:41]} Nxd4 {[%clk 00:11:48]}
{[%emt 00:00:10]} 13. Nxd4 {[%clk 00:12:37]} {[%emt 00:00:03]} Bb4 {[%clk
00:11:43]} {[%emt 00:00:06]} 14. Be3 {[%clk 00:11:49]} {[%emt 00:00:49]} Bxe1
{[%clk 00:11:20]} {[%emt 00:00:26]} 15. Qxe1 {[%clk 00:11:50]} {[%emt
00:00:02]} Ng4 {[%clk 00:10:16]} {[%emt 00:01:06]} 16. Rd1 {[%clk 00:11:00]}
{[%emt 00:00:51]} Nxe3 {[%clk 00:10:06]} {[%emt 00:00:12]} 17. Qxe3 {[%clk
00:10:43]} {[%emt 00:00:18]} Qf6 {[%clk 00:09:21]} {[%emt 00:00:48]} 18. Rd2
{[%clk 00:10:13]} {[%emt 00:00:32]} Rb8 {[%clk 00:07:34]} {[%emt 00:01:49]} 19.
Nf3 {[%clk 00:08:51]} {[%emt 00:01:23]} Qe7 {[%clk 00:05:56]} {[%emt 00:01:40]}
20. Ne5 {[%clk 00:08:14]} {[%emt 00:00:39]} Qc7 {[%clk 00:05:51]} {[%emt
00:00:07]} 21. d4 {[%clk 00:06:50]} {[%emt 00:01:26]} Rd8 {[%clk 00:05:38]}
{[%emt 00:00:15]} 22. c5 {[%clk 00:06:25]} {[%emt 00:00:27]} Bd7 {[%clk
00:05:31]} {[%emt 00:00:09]} 23. Bf3 {[%clk 00:04:30]} {[%emt 00:01:57]} Be8
{[%clk 00:05:13]} {[%emt 00:00:20]} 24. h4 {[%clk 00:02:59]} {[%emt 00:01:33]}
Rbc8 {[%clk 00:03:51]} {[%emt 00:01:24]} 25. Nc4 {[%clk 00:02:42]} {[%emt
00:00:19]} Bc6 {[%clk 00:03:42]} {[%emt 00:00:11]} 26. Nd6 {[%clk 00:02:21]}
{[%emt 00:00:24]} Rb8 {[%clk 00:03:24]} {[%emt 00:00:20]} 27. Bh5 {[%clk
00:01:51]} {[%emt 00:00:31]} Rd7 {[%clk 00:02:21]} {[%emt 00:01:05]} 28. Nc4
{[%clk 00:00:55]} {[%emt 00:00:59]} Rbd8 {[%clk 00:02:11]} {[%emt 00:00:12]} 29.
Ne5 {[%clk 00:00:54]} {[%emt 00:00:03]} Re7 {[%clk 00:02:12]} 30. b3 {[%clk
00:00:40]} {[%emt 00:00:17]} Bd5 {[%clk 00:02:10]} {[%emt 00:00:04]} 31. Be2
{[%clk 00:00:32]} {[%emt 00:00:11]} f6 {[%clk 00:01:32]} {[%emt 00:00:39]} 32.
Ng6 {[%clk 00:00:31]} {[%emt 00:00:02]} Ree8 {[%clk 00:01:20]} {[%emt
00:00:14]} 33. Nf4 {[%clk 00:00:32]} {[%emt 00:00:02]} b6 {[%clk 00:00:37]}
{[%emt 00:00:46]} 34. Bb5 {[%clk 00:00:17]} {[%emt 00:00:17]} Re7 {[%clk
00:00:32]} {[%emt 00:00:07]} 35. c6 {[%clk 00:00:10]} {[%emt 00:00:09]} Rd6
{[%clk 00:00:26]} {[%emt 00:00:07]} 36. Rc2 {[%clk 00:00:05]} {[%emt 00:00:07]}
Rd8 {[%clk 00:00:13]} {[%emt 00:00:14]} 37. Bd3 {[%clk 00:00:05]} {[%emt
00:00:03]} Qd6 {[%clk 00:00:08]} {[%emt 00:00:06]} 38. Bb5 {[%clk 00:00:04]}
{[%emt 00:00:02]} Rc7 {[%clk 00:00:07]} {[%emt 00:00:03]} 39. Nxd5 {[%clk
00:00:05]} {[%emt 00:00:02]} exd5 {[%clk 00:00:08]} {[%emt 00:00:02]} 40. a4
{[%clk 00:00:05]} {[%emt 00:00:02]} Re7 {[%clk 00:00:07]} {[%emt 00:00:02]} 41.
Qf3 {[%clk 00:00:06]} {[%emt 00:00:01]} Kf8 {[%clk 00:00:04]} {[%emt 00:00:05]}
42. Kg2 {[%clk 00:00:07]} {[%emt 00:00:01]} Re4 {[%clk 00:00:05]} {[%emt
00:00:01]} 43. Bd3 {[%clk 00:00:08]} Rxd4 {[%clk 00:00:03]} {[%emt 00:00:04]}
44. Qf5 {[%clk 00:00:08]} {[%emt 00:00:02]} Qc7 {[%clk 00:00:00]} {[%emt
00:00:03]} 45. Qh7 {[%clk 00:00:08]} {[%emt 00:00:02]} 1-0